Sports Quiz

Random Sports Quiz

Two Time Brewers Quiz Stats

Quiz not verified by Sporcle

Challenge
Share
Tweet
Embed
Score 0/22 Timer 05:00
0 Plays Today
Years with Brewers Player % Correct
2004 & 2007 - 2009Craig Counsell
86.4%
1994 - 1999 & 2005 - 2006Jeff Cirillo
58.9%
2000 & 2005Kane Davis
53.3%
1998 - 2001 & 2009Dave Weathers
49%
2007 & 2009Claudio Vargas
44.2%
1973 - 1983 & 1986Gorman Thomas
41.4%
2003 - 2004 & 2006Dan Kolb
41.1%
2004-2005 & 2008Russell Branyan
30.3%
2000 - 2002 & 2007Ray King
29.5%
1982 & 1996 - 1998Doug Jones
25.2%
1992 & 1993 - 1996Kevin Seitzer
21.5%
Years with Brewers Player % Correct
1989 - 1994 & 2000Jaime Navarro
16.7%
1971 - 1977 & 1979 - 1983Jim Slaton
13%
1999 & 2002Alex Ochoa
9.3%
1970 - 1974 & 1978Dave May
8.5%
1969 - 1971 & 1974 - 1977Mike Hegan
7.6%
1977 - 1985 & 1989Ed Romero
7.4%
1996 - 1998 & 2001Jesse Levis
3.4%
1969 & 1977 - 1978Larry Haney
2.5%
1985 & 1987Ray Burris
2.3%
1994 - 1995 & 2000Bob Scanlan
2%
1998 & 2002Marcus Jensen
0.3%

You're not logged in!

Compare scores with friends on all Sporcle quizzes.
Join for Free
OR
Log In

You Might Also Like...

Show Comments

Extras

Top Quizzes Today


Score Distribution

Your Account Isn't Verified!

In order to create a playlist on Sporcle, you need to verify the email address you used during registration. Go to your Sporcle Settings to finish the process.

Report this User

Report this user for behavior that violates our Community Guidelines.

Details: